000 00949nam a22001937a 4500
005 20250120164049.0
010 _aHIN-129278
020 _a9788119057160
_c199.00
035 _aHN-101624
037 _bDBAD
082 _a
245 _aअपराजिता: नारी शक्ति... /
_cमोनिका सिंह द्वारा संपादित
250 _aप्रथम
260 _aनई दिल्ली
_bफ्लोरेंट पब्लिकेशन
_c2023
270 _a8, 2, स्ट्रीट नं.-1, वेस्ट विनोद नगर, आर्य नगर, दयानंद विहार, आनंद विहार
_bनई दिल्ली
_e110092
_k8851941583
_k9718546120
_minfo.florentpub@gmail.com
300 _a104 पृ.
_c21 सेमी (अजिल्द)
700 _aमोनिका सिंह
_976786
942 _2ddc
_cHN
_h
_mअपरा
999 _c208623
_d208623